Röntgensugarak hatása az átoltható tyúkleukosis (erythroleukosis) kórképére és vírusára
Elmentve itt :
| Szerző: | |
|---|---|
| Dokumentumtípus: | Könyv része |
| Megjelent: |
1937
|
| Sorozat: | Közlemények a szegedi kir. magy. Ferencz József-Tudományegyetem belgyógyászati klinikájáról
Közlemények a szegedi kir. magy. Ferencz József-Tudományegyetem belgyógyászati klinikájáról 1936-1937 |
| Kulcsszavak: | Röntgensugárzás, Vírus - állatorvostan - diagnosztika |
| Tárgyszavak: | |
| Online Access: | http://acta.bibl.u-szeged.hu/54140 |
| LEADER | 00947naa a2200205 i 4500 | ||
|---|---|---|---|
| 001 | acta54140 | ||
| 005 | 20220107081930.0 | ||
| 008 | 180612s1937 hu o 0|| hun d | ||
| 040 | |a SZTE Egyetemi Kiadványok Repozitórium |b hun | ||
| 041 | |a hun | ||
| 100 | 1 | |a Forfota Erich | |
| 245 | 1 | 0 | |a Röntgensugarak hatása az átoltható tyúkleukosis (erythroleukosis) kórképére és vírusára |h [elektronikus dokumentum] / |c Forfota Erich |
| 260 | |c 1937 | ||
| 300 | |a 1-6 | ||
| 490 | 0 | |a Közlemények a szegedi kir. magy. Ferencz József-Tudományegyetem belgyógyászati klinikájáról | |
| 490 | 0 | |a Közlemények a szegedi kir. magy. Ferencz József-Tudományegyetem belgyógyászati klinikájáról 1936-1937 | |
| 650 | 4 | |a Orvos- és egészségtudomány | |
| 650 | 4 | |a Klinikai orvostan | |
| 695 | |a Röntgensugárzás, Vírus - állatorvostan - diagnosztika | ||
| 856 | 4 | 0 | |u http://acta.bibl.u-szeged.hu/54140/1/kozl_belgy_36_37_001-006b.pdf |z Dokumentum-elérés |